000
00229 a2200097 4500
001
22934
100
_a
Van Nostrand, D
245
_a
Van Nost's Scientific encyclopedia
260
_a
_b
Royal Book Co.
_c
1968
090
_c
15522
_d
15522
942
_a
NUST-CAE
_c
M
_c
6139
999
_c
258007
_d
258007